| 000 | 00610cam a22002053a 4500 | ||
|---|---|---|---|
| 001 | 37694 | ||
| 003 | PGUSA | ||
| 005 | 20140828083827.0 | ||
| 008 | 111010s2011||||xxu|||||s|||||000 | eng d | ||
| 040 |
_aPGUSA _beng |
||
| 042 | _adc | ||
| 100 | 1 | _aAllen, Ethan | |
| 245 | 1 | 0 |
_aReason, The Only Oracle of Man : _bOr a Compendius System of Natural Religion _h[electronic resource] / _cEthan Allen |
| 260 |
_bProject Gutenberg, _c2011 |
||
| 506 | _aPublic domain in the USA. | ||
| 516 | _aElectronic text | ||
| 830 | 0 |
_aProject Gutenberg _v37694 |
|
| 856 | 4 | 0 | _uhttp://www.gutenberg.org/ebooks/37694 |
| 942 | _cEB | ||
| 999 |
_c266948 _d266948 |
||